Quizzes
Events
Quiz Creation
Community
Videos
Private Events
Remove Ads
Sign In
Join for FREE
Feedback
Dark Mode
Quiz Categories
Sports
Geography
Music
Movies
Television
Just For Fun
Miscellaneous
History
Literature
Language
Science
Gaming
Entertainment
Religion
Holiday
For Kids
Quiz Lab
Recent
Popular Today
Quiz Kudos Today
Editor Picks
Curator Picks
Quizzes by...
Day
Popularity
Type
Ratings
Length
Year
Community
Subscriptions
Recent Discussions
Orange Saloon
Badges
Playlists
Quests
Create
Leaderboards
Showdown
Live 5
Trivia Bingo
Activity
Puzzle Library
Sporcle Events
Private Events
Virtual Trivia
Globe League
Become a Host
Pub Owners
SporcleCon
Opinionation
Our Games
Videos
Blog
Mobile Apps
Partnerships
Remove Ads and Go Orange
Feedback
Geography
Country
Landmarks
City
State
Population
World
Capital
Continent
Flags
Europe
Africa
Asia
South America
North America
Oceania
Border
Canada
United Kingdom
Topography
United States
Geography
Country
Landmarks
City
State
Population
World
Capital
Continent
Flags
Europe
Africa
Asia
South America
North America
Oceania
Border
Canada
United Kingdom
Topography
United States
Random Quiz
Search Sporcle
×
Quiz Lab
Quiz Lab
Geography
World
Type in answers that appear in a list
Type in answers that appear in a list
Classic
Best Score? Go Orange.
Largest World Metros A-Z Stats
Can you name the Largest World Metros A-Z?
By
Mcourtney
10m
130 Questions
508 Plays
508 Plays
508 Plays
Comments
Comments
Give Quiz Kudos
Give Quiz Kudos
-
- Ratings
hide this ad
Replay
Link that replays current quiz
Next Quiz
Link to next quiz in quiz playlist
You Got
0%
They Got
Avg Score
56%
Avg Friend Score
Upgrade to see
Score Distribution
Jump to the score distribution portion of the page
Score
0/130
Timer
10:00
0
Plays Today
Metros
% Correct
Cairo
96.7%
Beijing
95.9%
Buenos Aires
92.5%
Bogota
91.5%
Paris
90.9%
Chicago
90.6%
Los Angeles
90.6%
Bangkok
90.4%
Istanbul
90.4%
London
90.4%
Jakarta
90.2%
Tokyo
88.8%
Delhi
88.4%
New York
88.2%
Mexico City
88%
Moscow
88%
Ankara
86.8%
Lima
86.4%
Frankfurt
85.4%
Johannesburg
85.2%
Seoul
84.4%
Dallas
84.3%
Rio de Janeiro
82.9%
Mumbai
82.7%
Sao Paulo
82.7%
Manila
82.5%
Osaka
82.5%
Rome
82.5%
Houston
82.1%
Detroit
81.7%
Alexandria
81.5%
Atlanta
81.1%
Lagos
80.5%
Tehran
80.5%
Philadelphia
80.3%
Toronto
79.7%
Dhaka
79.3%
Shanghai
79.1%
Ho Chi Minh City
78.9%
Naples
78.7%
Karachi
78.1%
Vancouver
78%
Nairobi
77.8%
Ottawa
77.8%
Metros
% Correct
Vienna
77%
Washington
76.6%
Warsaw
76.6%
Kuala Lumpur
75.8%
Quito
75.8%
Taipei
74.8%
Edmonton
74.2%
Riyadh
73.8%
Kinshasa
73.4%
Guadalajara
72.8%
Kolkata
71.7%
Khartoum
71.1%
Guangzhou
69.5%
Miami
68.9%
Rotterdam
68.5%
Hong Kong
68.3%
Essen
67.3%
Lahore
67.1%
Bangalore
65.7%
Chennai
62%
Phoenix
61.4%
Abidjan
59.1%
Xian
59.1%
Santiago
57.7%
Hyderabad
55.7%
Jeddah
55.5%
Yangon
54.7%
Ahmedabad
53.1%
Wuhan
53%
Giza
52.4%
Ouagadougou
51.6%
Nagoya
50.8%
Nanjing
50%
Ulaan Baatar
49.6%
Recife
47.8%
Yokohama
47.6%
Yaounde
47.4%
Porto Alegre
46.9%
Tianjin
46.9%
Fortaleza
46.1%
Quezon City
45.5%
Incheon
45.1%
Chongqing
44.7%
Guayaquil
44.3%
Metros
% Correct
Pune
44.3%
Izmir
43.1%
Chengdu
42.5%
Jaipur
40.2%
Shenzhen
40.2%
Fukuoka
40%
Omsk
39.4%
Faisalabad
38.4%
Ibadan
38.4%
Urumqi
37.2%
Qingdao
36%
Hangzhou
35.4%
Esfahan
34.8%
Valencia
34.1%
Yekaterinburg
29.3%
Ufa
28.7%
Fuzhou
27%
Omdurman
25.4%
Dongguan
25.2%
Indore
23.4%
Zhengzhou
23.2%
Zibo
19.9%
Jinan
18.9%
Ulsan
17.5%
Vadodara
15.9%
Xiamen
15.2%
Wuxi
14%
Wenzhou
12.4%
Guiyang
12%
Quanzhou
11.2%
Visakhapatnam
10.2%
Xuzhou
9.1%
Ulyanovsk
8.9%
Ezhou
6.5%
Yantai
4.9%
Zhongshan
4.7%
El Jadida
4.3%
Qiqihaer
3.9%
Zhanjiang
1.8%
Xinghua
1.6%
Zaozhuang
1.6%
Xiantao
1.4%
Quiz Playlist
Details
Report
Send in Message
Add To Playlist
Classic:
Type in answers that appear in a list
Quiz Source
Last Updated: Feb 16, 2017
Quiz Scoreboard
CHALLENGE
Sign Up to Join the Scoreboard
Show All
Scores
Hide
Comments
May contain spoilers
Recently Published
Alphabetical 'K' Countries by Flag Minefield
by ylime102
Geography
3m
Pick 6: Fruits
by JohnFran
Miscellaneous
15s
Click the 1999 NBA Draft
by nibperrychub
Sports
2m
More to Explore
Quiz From the Vault
Featured Blog Post
15 Basketball Trivia Facts You Can Be March Mad About
hide this ad
You Might Also Like...
Tags
Country Quiz
World Quiz
A-Z
largest
metro
retro
World Largest
Today's Top Quizzes in Geography
Browse Geography
hide this ad
Today's Top Quizzes in World
Browse World
Top Contributed Quizzes in Geography
1
Complete the Map Snippet (Minefield) IX
2
Countries of the World - No Outlines Minefield
3
Alphabetical 'B' Countries by Flag Minefield
4
Find the Landmarks A-Z
5
Alphabetical 'L' Countries By Flag Minefield
6
Countries of Africa - No Outlines, No Skips Minefield
7
Alphabetical 'A' Countries by Flag Minefield
8
Pick 6: Mountains
9
30 Pics in 60: Landmarks
10
Alphabetical 'N' Countries by Flag Minefield
Explore More
Trending Topics
Disney
Harry Potter
Anime
NBA
Marvel
Crossword
Kpop
The Office
Song
Soccer
Puzzle
WWE
Country
Pokémon
NFL
hide this ad
More By:
Mcourtney
Quiz
Plays
Rating
Category
Featured
Created
Largest European Metros (A-Z)
91,958
4.20
Geography
Sep 14, 2011
Largest US cities beginning with a vowel
3,019
4.34
Geography
Jan 25, 2010
Largest U.S. cities beginning with an S
2,669
4.10
Geography
Jan 27, 2010
Francophone Countries
2,131
3.63
Geography
Oct 7, 2009
Countries with the Most 1 Million+ Metros
1,327
4.48
Geography
Sep 28, 2011
Go to Creator's Profile
Score Distribution
Quiz Creator Spotlight
Mcourtney
Follow
Send a Message
Quizzes Created
-
Created Quiz Play Count
-
More By This Creator
Popular Quizzes Today
1
Find the US States - No Outlines Minefield
2
Countries of Asia Without Outlines Minefield
3
Pick 6: Fruits
4
Alphabetical 'K' Countries by Flag Minefield
5
The Countries of the World
6
Click the 1999 NBA Draft
7
Find the US States
8
Match the Book to the Film X
More Geography Quizzes
Topography Trio: United States
Published
Trending Quizzes
Pick 6: Harry Potter
Pick 6: Mountains
Pick 6: NFL Teams
Pick 6: Golfers
Pick 6: Movie Franchises
Recently Updated
Women's Final Four Teams by Year
bhenderson79
Presidents Quartet II
eogle
Anything But Clue(do)
eogle
Anything But Oceanian Capitals
eogle
Anything But 7
eogle
Anything But Thing
eogle
Word Ladder: February 29
pecheneg
Song Title Questions
pecheneg
Women's NCAA Tournament #1 Seeds
pecheneg
Celebrity Mug Shots
pecheneg
Trending Topics
NBA
Marvel
Harry Potter
Kpop
Anime
Crossword
Disney
Country
Pokémon
Soccer
Song
The Office
NFL
Puzzle
WWE
Your Account Isn't Verified!
In order to create a playlist on Sporcle, you need to verify the email address you used during registration. Go to your
Sporcle Settings
to finish the process.
Report this User
Report this user for behavior that violates our
Community Guidelines
.
Details:
Send Report
Go to the Sporcle.com Mobile Site →
Comments